000 00496nam a2200169Ia 4500
005 20250508153911.0
008 008 250505s9999 xx 000 0 eng d
037 _aBooks to be hide in OPAC
040 _aFEDL
_beng
_cFEDL
041 _aeng
_2eng
084 _qFEDL
245 0 _aOrdinances of the university of cambridge to the end of the easter term 1920
260 _aCambridge
_bCambridge University Press
_c1920
300 _axxxvi,809p.
942 _cHB
999 _c1346225
_d1346225